<?xml version="1.0" encoding="UTF-8"?>
<collection xmlns="http://www.loc.gov/MARC21/slim">
 <record>
  <leader>00482pamaa2200145   4500</leader>
  <controlfield tag="001">0000017473</controlfield>
  <controlfield tag="005">20080107090000.0</controlfield>
  <controlfield tag="008">620.025 FMM</controlfield>
  <datafield tag="020" ind1="0" ind2="0">
   <subfield code="a">Nil </subfield>
  </datafield>
  <datafield tag="090" ind1="0" ind2="0">
   <subfield code="a">HD9696.A3M4 </subfield>
   <subfield code="b">FMM 1997</subfield>
  </datafield>
  <datafield tag="245" ind1="0" ind2="0">
   <subfield code="a">FMM industry directory : </subfield>
   <subfield code="b">electrical and electronics 1997/98  </subfield>
   <subfield code="c">Federation of Malaysian Manufacturer.</subfield>
  </datafield>
  <datafield tag="260" ind1="0" ind2="0">
   <subfield code="a">Kuala Lumpur: </subfield>
   <subfield code="b">FMM, </subfield>
   <subfield code="c">1997.</subfield>
  </datafield>
  <datafield tag="300" ind1=" " ind2=" ">
   <subfield code="a">188p.: </subfield>
   <subfield code="b">32cm.</subfield>
  </datafield>
  <datafield tag="650" ind1="0" ind2="0">
   <subfield code="a">Directories -- </subfield>
   <subfield code="x">Engineering companies -- </subfield>
   <subfield code="z">Malaysia </subfield>
  </datafield>
  <datafield tag="710" ind1="1" ind2="1">
   <subfield code="a">Federation of Malaysian Manufacturers </subfield>
  </datafield>
 </record>
</collection>
